MDQL
is popping MORE tags! Check the
thread
!
Quizzes
Events
Quiz Creation
Community
Videos
Private Events
Remove Ads
Sign In
Join for FREE
Feedback
Dark Mode
Quiz Categories
Sports
Geography
Music
Movies
Television
Just For Fun
Miscellaneous
History
Literature
Language
Science
Gaming
Entertainment
Religion
Holiday
For Kids
Quiz Lab
Recent
Popular Today
Quiz Kudos Today
Editor Picks
Curator Picks
Quizzes by...
Day
Popularity
Type
Ratings
Length
Year
Community
Subscriptions
Recent Discussions
Orange Saloon
Badges
Playlists
Quests
Create
Leaderboards
Showdown
Live 5
Trivia Bingo
Activity
Puzzle Library
Sporcle Events
Private Events
Virtual Trivia
Globe League
Become a Host
Pub Owners
SporcleCon
Opinionation
Our Games
Videos
Blog
Mobile Apps
Partnerships
Remove Ads and Go Orange
Feedback
Sports
Athletes
MLB
NBA
NHL
NFL
Soccer
Sports Teams
WWE
NCAA
Football
Premier League
Basketball
Baseball
Hockey
Golf
Tennis
Cricket
Rugby
Auto Racing
Olympics
World Cup
Sports
Athletes
MLB
NBA
NHL
NFL
Soccer
Sports Teams
WWE
NCAA
Football
Premier League
Basketball
Baseball
Hockey
Golf
Tennis
Cricket
Rugby
Auto Racing
Olympics
World Cup
Random Quiz
Search Sporcle
×
Quiz Lab
Quiz Lab
Sports
Leading
Type in answers that appear in a list
Type in answers that appear in a list
Classic
Best Score? Go Orange.
Peyton Manning's All-Time Receivers Stats
Can you name the every receiver Peyton Manning has completed a pass to in route to passing Brett Favre as the NFL's all time leading passer?
By
Ben
8m
88 Questions
159 Plays
159 Plays
159 Plays
Comments
Comments
Give Quiz Kudos
Give Quiz Kudos
-
- Ratings
hide this ad
More Info
Replay
Link that replays current quiz
Next Quiz
Link to next quiz in quiz playlist
You Got
0%
They Got
Avg Score
24%
Avg Friend Score
Upgrade to see
Score Distribution
Jump to the score distribution portion of the page
Score
0/88
Timer
08:00
0
Plays Today
Catches
Receiver
% Correct
953
Marvin Harrison
95.5%
779
Reggie Wayne
94.3%
357
Demaryius Thomas
89.2%
107
Julius Thomas
88.5%
354
Edgerrin James
75.8%
392
Dallas Clark
75.2%
9
Javarris James
74.5%
6
Brandon James
74.5%
147
Emmanuel Sanders
65%
1
Charlie Johnson
64.3%
49
CJ Anderson
63.7%
176
Joseph Addai
62.4%
1
Detron Smith
61.1%
122
Wes Welker
59.2%
170
Eric Decker
54.8%
31
Donald Brown
48.4%
23
Ricky Williams
48.4%
81
Knoshown Moreno
44.6%
54
E.G. Green
44.6%
23
Virgil Green
44.6%
179
Brandon Stokley
42%
86
Marshall Faulk
42%
115
Pierre Garcon
40.1%
53
Ronnie Hillman
39.5%
28
Montee Ball
37.6%
23
Owen Daniels
37.6%
7
Lance Ball
37.6%
36
Blair White
36.3%
126
Dominic Rhodes
35%
154
Jacob Tamme
34.4%
Catches
Receiver
% Correct
117
Austin Collie
33.8%
41
Anthony Gonzalez
29.3%
243
Marcus Pollard
27.4%
5
Juwan Thompson
20.4%
26
Willis McGahee
19.7%
30
Gijon Robinson
18.5%
27
Andre Caldwell
18.5%
1
Peyton Manning
17.2%
2
Scott Greene
14.6%
150
Ken Dilger
13.4%
11
Bennie Fowler
12.1%
2
Cody Latimer
12.1%
138
Jerome Pathon
10.2%
11
Jordan Norwood
8.3%
45
Joel Dreessen
7.6%
6
Chad Simpson
7.6%
3
Ricky Proehl
7.6%
13
Mike Hart
7%
52
Bryan Fletcher
6.4%
44
Qadry Ismail
6.4%
2
Hank Baskett
6.4%
69
Ben Utecht
5.7%
23
Aaron Moorehead
5.7%
1
Dan Klecko
5.7%
117
Terrence Wilkins
5.1%
56
Troy Walters
5.1%
45
Torrance Small
5.1%
20
James Mungro
5.1%
13
Kenton Keith
5.1%
11
Lamont Warren
5.1%
Catches
Receiver
% Correct
2
Tony Simmons
5.1%
17
Tom Santi
4.5%
10
Jim Finn
4.5%
9
Matt Willis
4.5%
2
Trindon Holliday
3.8%
1
Craig Heyward
3.8%
2
Ben Hartsock
3.2%
1
Chris Gronkowski
3.2%
12
Trevor Insley
2.5%
2
Jermaine Wiggins
2.5%
1
Zack Crockett
2.5%
1
Drew Haddad
2.5%
1
Luke Lawton
2.5%
1
Jacob Hester
2.5%
1
Mitch Unrein
2.5%
12
Craphonso Thorpe
1.9%
11
Joe Davenport
1.9%
5
Brody Eldridge
1.9%
4
Paul Shields
1.9%
4
Devin Aromashodu
1.9%
2
Mike Roberg
1.9%
1
Brad Pyatt
1.9%
1
Clifton Dawson
1.9%
2
Keith Elias
1.3%
1
Bradford Banta
1.3%
1
Kevin McDougal
1.3%
1
Steve McKinney
1.3%
1
Ran Carthon
1.3%
Quiz Playlist
Details
Report
Send in Message
Add To Playlist
More Info:
Officially the NFL's all time leading passing yards leader as of 11/16/2015 * Does not include postseason catches
Classic:
Type in answers that appear in a list
Last Updated: Feb 16, 2017
Quiz Scoreboard
CHALLENGE
Sign Up to Join the Scoreboard
Show All
Scores
Hide
Comments
May contain spoilers
Recently Published
Colored Red Africa Blitz
by spor1
Geography
30s
Find the 'City' Movie
by crazypaving
Movies
60s
5x2 Blitz: Bands
by SL_Kpop136
Music
30s
More to Explore
Quiz From the Vault
Featured Blog Post
14 Easter Pick-up Lines to Find Eggs With
hide this ad
You Might Also Like...
Tags
brett
Brett Favre
catch
caught
Leading
least
Manning
Passing
Peyton
Player
Receiver
Today's Top Quizzes in Sports
Browse Sports
hide this ad
Today's Top Quizzes in Leading
Browse Leading
Top Contributed Quizzes in Sports
1
Les entraîneurs de l'OM et du PSG au 21e siècle
2
Les meilleurs buteurs des matchs entre le PSG et l’OM
3
Les joueurs passés par le PSG et l'OM
4
Players with Multiple 50 Home Run Seasons
5
2022 World Cup Stars
6
Criteria MLB: Left Handed Sluggers
7
NBA Logic Puzzle 2.0
8
MLB Players with Two .350 Batting Average Seasons
9
Top 10 NHL Goal Scorers of All Time
10
Les joueurs passés par le LOSC et le RC Lens
Explore More
Trending Topics
Kpop
Harry Potter
NBA
Marvel
Crossword
Disney
Anime
NFL
Soccer
Country
Song
The Office
Puzzle
WWE
Pokémon
hide this ad
More By:
Ben
Quiz
Plays
Rating
Category
Featured
Created
Disney Songs
2,283,267
4.12
Movies
Jan 30, 2009
NCAA Helmets
1,114,988
4.54
Sports
Oct 16, 2009
NBA Finals MVPs
920,649
4.69
Sports
Nov 28, 2008
4-Letter Countries
879,073
4.70
Geography
Feb 19, 2009
Candy Slogans
861,501
3.93
Entertainment
May 15, 2009
Go to Creator's Profile
Score Distribution
Quiz Creator Spotlight
Ben
Follow
Send a Message
Quizzes Created
-
Created Quiz Play Count
-
More By This Creator
Popular Quizzes Today
1
Colored Red Africa Blitz
2
Find the 'City' Movie
3
5x2 Blitz: Bands
4
Find the US States - No Outlines Minefield
5
The Countries of the World
6
Find the US States
7
US States
8
Find the Countries of Europe - No Outlines Minefield
More Sports Quizzes
Is Luis Suárez Biting Someone?
Quiz Lab
Trending Quizzes
Colored Red Europe Blitz I
Colored Red Europe Blitz II
Colored Red Africa Blitz II
Colored Red Europe Blitz III
Colored Red Africa Blitz III
Recently Updated
How Do You Spell That?
pecheneg
Godzilla Movies
pecheneg
Grab Bag: 4-10 Letters
pecheneg
2024 March Madness Bracket
pecheneg
Famous TV Couples
Peacemaker
Champions League XIs: Real Madrid
pecheneg
Largest US Cities 1790-2010
pecheneg
Rides in Walt Disney World
pecheneg
Most Oscar Losses (Acting)
pecheneg
Beyoncé Albums
pecheneg
Trending Topics
Anime
Kpop
Marvel
Harry Potter
Disney
NBA
Crossword
Country
Soccer
Song
Puzzle
NFL
The Office
Pokémon
WWE
Your Account Isn't Verified!
In order to create a playlist on Sporcle, you need to verify the email address you used during registration. Go to your
Sporcle Settings
to finish the process.
Report this User
Report this user for behavior that violates our
Community Guidelines
.
Details:
Send Report
Go to the Sporcle.com Mobile Site →
Comments